| 000 | 00814nam a2200241 i 4500 | ||
|---|---|---|---|
| 003 | IT-RoINE | ||
| 005 | 20180523090254.0 | ||
| 008 | 930329s1981 sp |a r |||| ||cat d | ||
| 020 | _a8400045452 | ||
| 040 |
_aSpMaBN _bspa _cSIC IT-RoINE _dIT-RoINE |
||
| 100 | 1 |
_aJuan i Fenollar, Rafael _943349 |
|
| 245 | 1 | 3 |
_aLa qüestio comarcal / _cRafael Juan i Fenollar. |
| 260 |
_aValència : _bInstitución Alfons el Magnànim, _c1981. |
||
| 300 |
_a78 p. : _bil. ; _c22 cm. |
||
| 336 |
_2rdacontent _atext |
||
| 337 |
_2rdamedia _aunmediated |
||
| 338 |
_2rdacarrier _avolume |
||
| 490 | 1 |
_aDescobrim el País Valencià ; _v6 |
|
| 504 | _aBibliografía: p. 77-78. | ||
| 651 | 4 |
_918596 _aCataluña (España) _xDivisiones políticas y administrativas |
|
| 830 | 0 |
_917761 _aDescobrim el País Valencià ; _v6 |
|
| 942 | _cMTS | ||
| 999 |
_c21952 _d21952 |
||